000 00673nam a22001937a 4500
005 20230315054111.0
008 230315b |||||||| |||| 00| 0 eng d
020 _a978-1-4522-0255-6
082 _aG.S. 510.7 W833 2013
100 _aWitzel, Bradley S.
_eauthor
245 _aBuilding number sense through the common core /
_cBradley S. Witzel, Paul J. Riccomini, Marla L. Herlong
260 _aCalifornia:
_bCorwin,
_cc2013.
300 _axii, 185p.;
_bill.
504 _aIncludes bibliographical references and index
541 _e4438
650 _aMathematics - Study and teaching
700 _aRiccomini, Paul J.
_eauthor
700 _aHerlong, Marla L.
_eauthor
999 _c1864
_d1864